LDR 00604naa#a2200169#i#450# 001 EN\INFRA-M\bibl\126023 005 20260629193611.1 011 ## _a2587-9111 100 ## _a20260617b2026####ek#y0engy0150####ca 102 ## _aRU 200 1# _aImproving the Service System as a Factor of a Car Manufacturer's Competitive Advantage _eJournal article 210 1# _aMoscow _cINFRA-M Academic Publishing LLC. _d2026 215 ## _a5 с. 608 ## _aJournal article _2local 675 ## _aЭкономика. Народное хозяйство. Экономические науки. 33 _z 700 #1 _aAkimov _gV. I. 856 4# _anaukaru.ru _u